Environmentally Sustainable Development: (Record no. 328678)

000 -LEADER
fixed length control field 00609nam a22001817a 4500
003 - CONTROL NUMBER IDENTIFIER
control field Nust
005 - DATE AND TIME OF LATEST TRANSACTION
control field 20170413172659.0
008 - FIXED-LENGTH DATA ELEMENTS--GENERAL INFORMATION
fixed length control field 170404b xxu||||| |||| 00| 0 eng d
020 ## - INTERNATIONAL STANDARD BOOK NUMBER
International Standard Book Number 9698779078
040 ## - CATALOGING SOURCE
Transcribing agency 0
082 ## - DEWEY DECIMAL CLASSIFICATION NUMBER
Classification number 363.7 CII
245 ## - TITLE STATEMENT
Title Environmentally Sustainable Development:
Remainder of title Vol-I-II-III
Statement of responsibility, etc. Chief Editor [Iftikhar Ahmed Raja]
260 ## - PUBLICATION, DISTRIBUTION, ETC.
Place of publication, distribution, etc. Abbottabad
Name of publisher, distributor, etc. CIIT
Date of publication, distribution, etc. 2005
300 ## - PHYSICAL DESCRIPTION
Extent 762+p.
500 ## - GENERAL NOTE
General note P.B
942 ## - ADDED ENTRY ELEMENTS (KOHA)
Source of classification or shelving scheme
Koha item type Book
Call number prefix 363.7 CII
Holdings
Withdrawn status Lost status Source of classification or shelving scheme Damaged status Not for loan Collection code Permanent Location Current Location Shelving location Date acquired Total Checkouts Full call number Barcode Date last seen Price effective from Koha item type
            Institute of Environmental Science and Engineering (IESE) Institute of Environmental Science and Engineering (IESE) General Stacks 04/13/2017   363.7 CII IESE-2055 04/13/2017 04/13/2017 Book
            Institute of Environmental Science and Engineering (IESE) Institute of Environmental Science and Engineering (IESE) General Stacks 04/13/2017   363.7 CII IESE-2056 04/13/2017 04/13/2017 Book
            Institute of Environmental Science and Engineering (IESE) Institute of Environmental Science and Engineering (IESE) General Stacks 04/13/2017   363.7 CII IESE-1831 04/13/2017 04/13/2017 Book
            Institute of Environmental Science and Engineering (IESE) Institute of Environmental Science and Engineering (IESE) General Stacks 04/13/2017   363.7 CII IESE-2057 04/13/2017 04/13/2017 Book
© 2023 Central Library, National University of Sciences and Technology. All Rights Reserved.